| 000 | 00445nam a2200181Ia 4500 | ||
|---|---|---|---|
| 008 | 170918s9999 xx 000 0 und d | ||
| 020 | _a9780393977547 | ||
| 050 | _bM349 2006 | ||
| 100 | _aMarlowe, Christopher | ||
| 245 | _aDoctor Faustus / | ||
| 245 | _cby Christopher Marlowe | ||
| 260 | _aNew York : | ||
| 260 | _bW. W. Norton & Company, | ||
| 260 | _c2006 | ||
| 300 | _a430 pages : | ||
| 300 | _billustrations ; | ||
| 300 | _c22cm. | ||
| 999 |
_c343346 _d343346 |
||